LEADER 01568nam a2200373 i 4500 001 991000573629707536 008 100203s2010 mau 000 0 eng d 020 $a9783034602105 020 $a9783034602112 035 $ab13878037-39ule_inst 040 $aDip.to Matematica$beng 082 04$a515.7 084 $aAMS 28-06 084 $aAMS 42-06 084 $aAMS 43-06 084 $aAMS 46-06 245 00$aVector measures, integration and related topics / Guillermo P. Curbera, Gerd Mockenhaupt, Werner J. Ricker, editors 260 $aBasel ;$aBoston, MA ;$aBerlin :$bBirkhäuser,$cc2010 300 $axiv, 382 p. ;$c24 cm 440 0$aOperator theory.$pAdvances and applications ;$v201 500 $a"This volume consists of a selection of refereed papers based on talks presented at the third meeting on Vector Measures, Integration and Applications held in Eichstätt Germany in September 2008": Preface 504 $aIncludes bibliographical references 650 0$aVector-valued measures$vCongresses 650 0$aOperator theory$vCongresses 650 0$aNumerical integration$vCongresses 700 1 $aCurbera, Guillermo P. 700 1 $aMockenhaupt, Gerd 700 1 $aRicker, Werner J. 907 $a.b13878037$b02-04-14$c03-02-10 912 $a991000573629707536 945 $aLE013 28-XX CUR11 (2010)$g1$i2013000212036$lle013$op$pE142.91$q-$rl$s- $t0$u0$v0$w0$x0$y.i15084450$z02-03-10 996 $aVector measures, integration and related topics$9230643 997 $aUNISALENTO 998 $ale013$b03-02-10$cm$da $e-$feng$gmau$h0$i0 LEADER 01571nam a2200325 i 4500 001 991001631379707536 008 120308s2008 it 000 0 ita d 035 $ab14044900-39ule_inst 040 $aDi.S.Te.B.A.$beng 041 0 $aita$beng 082 00$a507.445$222 245 03$aIl patrimonio della scienza :$ble collezioni di interesse storico : Torino 10-12 novembre 2004 /$ca cura di Cristina Cilli, Giancarla Malerba, Giacomo Giacobini 246 1 $iAt head of title:$aAtti del XIV Congresso ANMS 260 $a[Verona :$bANMS,$c2008] 300 $a356 p. :$bill. ;$c30 cm 504 $aIncludes bibliographical references 546 $aAbstracts also in English 650 0$aScience museums$zItaly$vCongresses 700 1 $aCilli, Cristina 700 1 $aMalerba, Giancarla 700 1 $aGiacobini, Giacomo 710 2 $aAssociazione Nazionale dei Musei Scientifici, Orti Botanici, Giardini Zoologici ed Acquari 711 2 $aCongresso dell'Associazione Nazionale Musei Scientifici, Orti Botanici, Giardini Zoologici, Acquari$n<5.;$d1984;$cVerona> 773 0 $tMuseologia scientifica. Memorie 907 $a.b14044900$b24-06-16$c08-03-12 912 $a991001631379707536 945 $aLE003 069 MSM01.02 (2008) (MUS) [dislocato presso Museologia Naturalistica, Stanza n. 047]$g1$i2003000075885$lle003$nReferente Anna Maria Miglietta$nStanza 047 - Palazzina A - 1. piano$o-$pE0.00$q-$rl$s- $t18$u9$v0$w9$x0$y.i15389698$z12-03-12 996 $aPatrimonio della scienza$9245019 997 $aUNISALENTO 998 $ale003$b08-03-12$cm$da $e-$fita$git $h3$i0